লোডিং...

Polymeric materials : structure, properties, applications

গ্রন্থ-পঞ্জীর বিবরন
প্রধান লেখক: Ehrenstein, Gottfried W (Author)
বিন্যাস: Printed Book
ভাষা:English
প্রকাশিত: Munich Hanser 2001
বিষয়গুলি:
LEADER 00658nam a22001697a 4500
005 20200730134830.0
008 091121t xxu||||| |||| 00| 0 eng d
082 |a 678.01  |b EHR 
100 |a Ehrenstein, Gottfried W  |e Author  |9 5573 
245 |a Polymeric materials  |b  : structure, properties, applications  |c Gottfried W Ehrenstein 
300 |a xviii, 277p. 
653 |a Polymers  |a Polymeric materials  |a Mechanical behaviour - Polymeric materials 
942 |c BK  |6 _ 
260 |a Munich  |b Hanser  |c 2001  |9 5574 
020 |a 3-446-21461-5 
999 |c 182265  |d 182265 
952 |0 0  |1 0  |2 udc  |4 0  |6 67801_EHR  |7 0  |9 235003  |a PSR  |b PSR  |d 2009-11-21  |o 678.01 EHR  |p PS003199  |r 2010-08-18  |w 2010-08-18  |y BK